| 000 | 00453nam a2200133 a 4500 | ||
|---|---|---|---|
| 001 | 000031058 | ||
| 005 | 20200930062658.0 | ||
| 008 | 110613s1922 dr 000 0 spa d | ||
| 040 |
_aDO-SdBNP _bspa _cBNPHU |
||
| 245 | 0 | 0 | _aResolución de la Casa de España en Santo Domingo y estatutos fundamentales del Comité de Festejos del día de la raza. |
| 260 |
_aSanto Domingo : _bImp. La Cuna de América, _c1922. |
||
| 300 |
_a17 p. ; _c23 cm. |
||
| 049 | _aBNPD | ||
| 999 |
_c30550 _d30550 |
||